00364nam a2200133Ia 450000500170000000800410001702000150005808200160007310000220008924500550011126000420016630000120020865000100022020240528051123.0240331s9999 xx 000 0 und d a9559052063 bKOTa338.72 aKottegoda, Sepali 0aWomen in the informal sector :bWorking paper-No.2 aColombobKarunaratne & Sons Ltdc1991 a38 p ., aWomen